Traduction Français - Anglais (aléatoire) - Statistiques

Statistiques générales
  • Ce quiz a été pris 708 fois
    181 depuis la dernière actualisation
  • Le résultat moyen est 15 sur 20
Statistiques - réponses
Hint Réponse % Correct
Avril April
100%
Bleu Blue
100%
Boîte Box
100%
Gâteau Cake
100%
Fille Daughter/ Girl
100%
Chien Dog
100%
Père Father
100%
Février February
100%
Quatre Four
100%
Avoir Have
100%
Janvier January
100%
Sauter Jump
100%
Gauche Left
100%
Aimer Love
100%
Lundi Monday
100%
Mère Mother
100%
Jamais Never
100%
Rose Pink
100%
Mettre Put
100%
Reine Queen
100%
Soeur Sister
100%
Fils Son
100%
Table Table
100%
Goût Taste
100%
Blanc White
100%
Frère Brother
94%
Orange Orange
94%
Vert Green
93%
Lumière Light
93%
Maintenant Now
93%
Sable Sand
93%
Oncle Uncle
93%
Hier Yesterday
93%
Mauvais Bad
92%
Ordinateur Computer
92%
Couper Cut
92%
Feu Fire
92%
Cadeau Gift
92%
Verre Glass
92%
Idée Idea
92%
Mai May
92%
Minuit Midnight
92%
Sauver Save
92%
Sept Seven
92%
Six Six
92%
Demain Tomorrow
92%
Jaune Yellow
92%
Bateau Boat
91%
Canard Duck
91%
Gant Glove
91%
Loi Law
91%
Beau Beautiful
90%
Bon Good
90%
Stylo Pen
90%
Mignon Cute
89%
Huit Eight
89%
Juin June
89%
Livre Book
88%
Taire Shut
88%
Malade Sick / ill
88%
Lit Bed
87%
Toujours Always
86%
Papillon Butterfly
86%
Chat Cat
86%
Tasse Cup/Mug
86%
Gris Grey
86%
Monstre Monster
86%
Rouge Red
86%
Droit Right
86%
Rester Stay
86%
Parapluie Umbrella
86%
Noir Black
85%
Chaise Chair
85%
Faire Do
85%
Garder Keep
85%
Autre Other
85%
Crayon Pencil
85%
Risquer Risk
85%
Bois Wood
85%
Ami Friend
83%
Jardin Garden
83%
Chapeau Hat
83%
Espérer Hope
83%
Four Oven
83%
Lunettes Glasses
82%
Signe Sign
82%
Aujourd'hui Today
82%
Vache Cow
80%
Donner Give
80%
Roi King
80%
Mars March
80%
Rue Street
80%
Chèvre Goat
79%
Prier Pray
78%
Dauphin Dolphin
77%
Visage Face
77%
Aider Help
77%
Canapé Couch/ Sofa
75%
Sonner Ring
75%
Route Road
75%
Moche Ugly
75%
Piano Piano
73%
Voter Vote
73%
Chanter Sing
71%
Carte Card/Map
70%
Dieu God
67%
Escargot Snail
67%
Temps Time
67%
Oreiller Pillow
64%
Juillet July
63%
Pierre Rock/Stone
60%
Ciseaux Scissors
58%
Déjeuner Lunch
56%
Arme Weapon
54%
Grandir Grow
50%
Haut High
50%
Midi Noon
50%
Escaliers Stairs
50%
Avaler Swallow
50%
Violon Violin
50%
Chaton Kitty
46%
Chiot Puppy
45%
Mouchoir Tissue
42%
Poil Hair
40%
Poubelle Trash
40%
Baleine Whale
40%
Essuyer Wipe
40%
Cygne Swan
38%
Tombe Grave/Tomb
36%
Huître Oyster
36%
Gentil Nice
33%
Corde Rope
33%
Cheminée Chimney
31%
Sauterelle Grasshopper
31%
Ver Worm
29%
Flûte Flute
27%
Navire Ship
25%
Sonnerie Ringtone
23%
Violoncelle Cello
17%
Jeûner Fast
14%
Bas Bottom
9%
Plaire Please
8%
Liège Cork
7%
Apiculteur Beekeeper
0%
Carton Cardboard
0%
Marin Sailor
0%
Aucun quiz correspondant
Distribution des résultats
% des personnes avec chaque résultat
Percentile par nombre de réponses
Votre historique - résultats
Vous n’avez pas pris ce quiz depuis la dernière actualisation